Normal view
MARC view
Entry Nome pessoal
001 - NÚMERO DE CONTROLE
- campo de controle: 633
003 - IDENTIFICADOR DO NÚMERO DE CONTROLE
- campo de controle: Br
005 - DATA E HORÁRIO DA ÚLTIMA TRANSAÇÃO
- campo de controle: 20250325151956.0
008 - CAMPO DE DADOS FIXOS
- campo de controle de tamanho fixo: 990428|| acnnnaab| aaaa d
035 ## - NÚMERO DE CONTROLE DO SISTEMA
- Número de Controle do Sistema: 99042814463023042
040 ## - FONTE DA CATALOGAÇÃO
- Instituição da catalogação original: Br
- Instituição que transcreveu o registro: Br
100 1# - CABEÇALHO--NOME PESSOAL
- Nome pessoal: Nietzsche, Friedrich Wilhelm,
- Datas associadas ao nome: 1844-1900
400 1# - REMISSIVA VER--NOME PESSOAL
- Nome pessoal: Nietzsche, Frederico
- Datas associadas ao nome: 1844-1900
400 1# - REMISSIVA VER--NOME PESSOAL
- Nome pessoal: Nietzsche, Friedrich
- Datas associadas ao nome: 1844-1900
400 0# - REMISSIVA VER--NOME PESSOAL
- Nome pessoal: Nietzsche
- Datas associadas ao nome: 1844-1900
670 ## - FONTE POSITIVA DOS DADOS
- Citação da fonte positiva dos dados: Assunto de: Cunha, Dalva. Silêncio... 1981.
670 ## - FONTE POSITIVA DOS DADOS
- Citação da fonte positiva dos dados: Bristol, Brian. Por que amamos ler?... 2008
- Dados encontrados na fonte localizada no subcampo: (p.98: D.; filósofo alemão)
670 ## - FONTE POSITIVA DOS DADOS
- Citação da fonte positiva dos dados: http://authorities.loc.gov 18/6/10
- Dados encontrados na fonte localizada no subcampo: (D., rems.)
670 ## - FONTE POSITIVA DOS DADOS
- Citação da fonte positiva dos dados: http://www.mundodosfilosofos.com.br/nietzsche.htm
670 ## - FONTE POSITIVA DOS DADOS
- Citação da fonte positiva dos dados: http://pt.wikipedia.org/wiki/Friedrich_Nietzsche
- Dados encontrados na fonte localizada no subcampo: (Friedrich Wilhelm Nietzsche nasceu em Röcken, no dia 15 de outubro de 1844 e faleceu em Weimar, no dia 25 de agosto de 1900, foi um filósofo alemão)